000
00509nam a2200169Ia 4500
008
090711s9999 xx 000 0 und d
082
_b
64241
100
_a
लिंबाळे शरणकुमार
245
_a
दलित पँथर
260
_c
1989
300
_a
272
600
_a
लिंबाळे शरणकुमार
630
_a
दलित पँथर
700
_a
लिंबाळे शरणकुमार
730
_a
दलित पँथर
942
_c
BOOK
999
_c
294571
_d
294571